MARC details
| 000 -CABECERA |
| campo de control de longitud fija |
02046nam a22003857a 4500 |
| 001 - NÚMERO DE CONTROL |
| campo de control |
BRCA_9212 |
| 003 - IDENTIFICADOR DEL NÚMERO DE CONTROL |
| campo de control |
FranzMayer |
| 005 - FECHA Y HORA DE LA ÚLTIMA TRANSACCIÓN |
| campo de control |
20220809125842.0 |
| 008 - DATOS DE LONGITUD FIJA--INFORMACIÓN GENERAL |
| campo de control de longitud fija |
220721b |||||||| |||| 00| 0 eng d |
| 020 ## - NÚMERO INTERNACIONAL ESTÁNDAR DEL LIBRO |
| Número Internacional Estándar del Libro |
9786079509064 |
| 040 ## - FUENTE DE LA CATALOGACIÓN |
| Lengua de catalogación |
spa |
| Centro/agencia transcriptor |
MFM |
| 041 1# - CÓDIGO DE LENGUA |
| Código de lengua del texto/banda sonora o título independiente |
spa |
| -- |
eng |
| 050 ## - SIGNATURA TOPOGRÁFICA DE LA BIBLIOTECA DEL CONGRESO |
| Número de clasificación |
TR660.5 |
| Número de documento/Ítem |
M57 2014 |
| 245 ## - MENCIÓN DE TÍTULO |
| Título |
Miradas de México = Glimpses of Mexico |
| 260 ## - PUBLICACIÓN, DISTRIBUCIÓN, ETC. |
| Lugar de publicación, distribución, etc. |
México : |
| Nombre del editor, distribuidor, etc. |
Smurfit Kappa México |
| Fecha de publicación, distribución, etc. |
2014 |
| 300 ## - DESCRIPCIÓN FÍSICA |
| Extensión |
281 p. : |
| Otras características físicas |
il., fot. ; |
| Dimensiones |
23.5 x 33 cm. ; |
| -- |
30 x 34 cm. (con caja) |
| 500 ## - NOTA GENERAL |
| Nota general |
Ubicación: L60-N1 |
| 500 ## - NOTA GENERAL |
| Nota general |
Incluye imagen de la Colección Museo Franz Mayer (p. 128) |
| 500 ## - NOTA GENERAL |
| Nota general |
Ejemplar en caja |
| 500 ## - NOTA GENERAL |
| Nota general |
Índice: p. 13 |
| 504 ## - NOTA DE BIBLIOGRAFÍA, ETC. |
| Nota de bibliografía, etc. |
Bibliografía: pp. 279-280 |
| 505 2# - NOTA DE CONTENIDO CON FORMATO |
| Título |
Presentación / |
| Mención de responsabilidad |
Mario Garza Castillón Segovia |
| 505 2# - NOTA DE CONTENIDO CON FORMATO |
| Título |
Prólogo / |
| Mención de responsabilidad |
Elena Horz de Sotomayor |
| 505 2# - NOTA DE CONTENIDO CON FORMATO |
| Título |
Introducción. El Paisaje / |
| Mención de responsabilidad |
Elena Poniatowska |
| 505 2# - NOTA DE CONTENIDO CON FORMATO |
| Título |
Breve historia de una relación: el fotógrafo y el horizonte / |
| Mención de responsabilidad |
Blanca Ruiz Pérez |
| 505 2# - NOTA DE CONTENIDO CON FORMATO |
| Título |
El Paisaje: como producción de naturaleza / |
| Mención de responsabilidad |
Laura González Flores |
| 505 2# - NOTA DE CONTENIDO CON FORMATO |
| Título |
Paisaje y naturaleza. Portafolio / |
| Mención de responsabilidad |
Emma Cecilia García Krinsky |
| 520 ## - SUMARIO, ETC. |
| Sumario, etc. |
"Miradas de México" ofrece una aproximación única de nuestro entorno, registrado por los fotógrafos más representativos de la historia de la fotografía de nuestro país, artistas que empezaron a desarrollarse en este medio desde la llegada de los primeros daguerrotipos a Veracruz, en 1839, provenientes de Francia. El paisaje, la naturaleza, el entorno mexicanos han ejercido desde el siglo XIX una atracción irresistible sobre fotógrafos viajeros y exploradores, científicos y naturalistas, reporteros gráficos y fotoensayistas, artistas de vanguardia y conceptuales, poetas de la lente. - Elena Horz de Sotomayor |
| 650 ## - PUNTO DE ACCESO ADICIONAL DE MATERIA--TÉRMINO DE MATERIA |
| Término de materia o nombre geográfico como elemento de entrada |
Fotografía |
| Subdivisión general |
Paisaje |
| Subdivisión geográfica |
México |
| 9 (RLIN) |
28478 |
| 650 ## - PUNTO DE ACCESO ADICIONAL DE MATERIA--TÉRMINO DE MATERIA |
| Término de materia o nombre geográfico como elemento de entrada |
Fotografía |
| Subdivisión general |
Historia |
| Subdivisión geográfica |
México |
| 650 ## - PUNTO DE ACCESO ADICIONAL DE MATERIA--TÉRMINO DE MATERIA |
| Término de materia o nombre geográfico como elemento de entrada |
Paisaje |
| Subdivisión general |
Historia |
| Subdivisión geográfica |
México |
| 9 (RLIN) |
28479 |
| 700 ## - PUNTO DE ACCESO ADICIONAL--NOMBRE DE PERSONA |
| Nombre de persona |
Debra Nagao |
| Término indicativo de función/relación |
traducción |
| 9 (RLIN) |
28480 |
| 942 ## - ELEMENTOS DE PUNTO DE ACCESO ADICIONAL (KOHA) |
| Fuente del sistema de clasificación o colocación |
Library of Congress Classification |
| Tipo de ítem Koha |
Libros |